| 000 | 00478nam a2200193 4500 | ||
|---|---|---|---|
| 005 | 20241016104020.0 | ||
| 008 | 241016b |||||||| |||| 00| 0 eng d | ||
| 020 |
_aX _c[n.p.] |
||
| 040 | _aMAIN | ||
| 082 |
_a581 _bA57E |
||
| 100 | _aAmita | ||
| 245 | _aEffect of mycorrhiza on millets plants | ||
| 260 |
_bDept. of Botany, All India Jat Heroes Memorial College, Rohtak _c2021 |
||
| 300 | _a12 | ||
| 650 | _aBotany | ||
| 700 | _aRajkumar | ||
| 942 | _cTH | ||
| 999 |
_c357637 _d357637 |
||